De Cristb̤al Coln̤ a Fidel Castro: El Caribe frontera imperial /

Detalles Bibliográficos
Autor principal: Bosch, Juan
Formato: eBook
Lenguaje:español
Publicado: Ciudad de Mx̌ico: Cm̀ara de Diputados, 2009
Materias:
Acceso en línea:Acceso restringido

MARC

LEADER 00000nam a22000007a 4500
005 20171120191411.0
007 cr|||| ||||
008 171120t2009 mx |||||s|||| 00||0 spa d
020 |a 978-607-401-138-8 
035 |a 20777 
040 |a vLex 
090 |c 7198  |d 7198 
100 1 |a Bosch, Juan 
245 1 0 |a De Cristb̤al Coln̤ a Fidel Castro:  |h [Recurso electrn̤ico]:  |b El Caribe frontera imperial /  |c Juan Bosch  
256 |a Servicio en ln̕ea 
260 |a Ciudad de Mx̌ico:  |b Cm̀ara de Diputados,  |c 2009 
300 |a 1 recurso electrn̤ico 
506 1 |a Disponible solo en los productos indicados  |d vLex Global  |d vLex Global (Academic Edition, excluding Law Schools)  |d vLex Global (U.S. Academic Edition, Law Schools)  |d vLex Global (U.S. Academic Edition, excluding Law Schools)  |d vLex Global (Academic Edition, Law Schools) 
650 0 4 |a Historia  |z Mx̌ico 
650 0 4 |a Geografa̕  |z Mx̌ico 
740 0 |a vLex Libros (Servicio en ln̕ea) 
856 4 0 |u http://vlex.com/source/cristobal-colon-fidel-castro-caribe-frontera-imperial-20777  |z Acceso restringido 
942 |c BOOK 
999 0 |a History 
999 0 |a Geography